| 000 | 01297cam a2200397 a 4500 | ||
|---|---|---|---|
| 999 |
_c233728 _d233728 |
||
| 001 | 16450169 | ||
| 003 | Nust | ||
| 005 | 20190422061747.0 | ||
| 008 | 100908s2005 cc 000 1 chird | ||
| 010 | _a 2010493204 | ||
| 020 | _a9781844080380 | ||
| 035 | _a(OCoLC)ocm76943934 | ||
| 038 | _aArshad | ||
| 040 |
_aJRY _cJRY _dOCLCQ _dDLC |
||
| 041 | 1 |
_achi _heng |
|
| 042 | _alccopycat | ||
| 043 | _ae-uk-en | ||
| 050 | 0 | 0 |
_aPR6007.U47 _bR4125 2005 |
| 066 | _c$1 | ||
| 082 |
_a823.912 _bMAU |
||
| 100 | 1 |
_aDu Maurier, Daphne, _d1907-1989. _914127 |
|
| 245 | 1 | 0 |
_aRebecca / _c Daphne, Du Maurier, |
| 250 |
_6880-02 _aDi 1 ban. |
||
| 260 |
_6880-03 _aShanghai : _bShanghai yi wen chu ban she, _c2005. |
||
| 300 |
_a441 p. ; _c24 cm. |
||
| 650 | 0 |
_aRemarried people _vFiction. _914131 |
|
| 650 | 0 |
_aMan-woman relationships _vFiction. _96615 |
|
| 650 | 0 |
_aMarried women _zEngland _vCornwall (County) _vFiction. _914132 |
|
| 650 | 0 |
_aCountry homes _zEngland _zCorwall (COunty) _vFiction. _914133 |
|
| 651 | 0 |
_aCornwall (England : County) _vFiction. _914134 |
|
| 700 | 1 |
_6880-04 _aLin, Zhiling. _914135 |
|
| 700 | 1 |
_6880-05 _aCheng, De. _914136 |
|
| 906 |
_a7 _bcbc _ccopycat _d3 _encip _f20 _gy-nonroman |
||
| 942 |
_2ddc _cBK |
||